CSAT solver paper 2014-2024 for UPSC (Record no. 176404)
[ view plain ]
| 000 -LEADER | |
|---|---|
| fixed length control field | 00383nam a22001697a 4500 |
| 005 - DATE AND TIME OF LATEST TRANSACTION | |
| control field | 20251105085826.0 |
| 020 ## - INTERNATIONAL STANDARD BOOK NUMBER | |
| ISBN | 9789364681469 |
| 041 ## - LANGUAGE CODE | |
| Language code of text/sound track or separate title | English |
| 082 ## - DEWEY DECIMAL CLASSIFICATION NUMBER | |
| Classification number | 001 R25 JAK |
| 100 ## - MAIN ENTRY--AUTHOR NAME | |
| Personal name | Jakhar Dharmendra |
| 245 ## - TITLE STATEMENT | |
| Title | CSAT solver paper 2014-2024 for UPSC |
| 250 ## - EDITION STATEMENT | |
| Edition statement | 01 |
| 260 ## - PUBLICATION, DISTRIBUTION, ETC. (IMPRINT) | |
| Place of publication | U.P |
| Name of publisher | S.Chand and Company |
| Year of publication | 2025 |
| 300 ## - PHYSICAL DESCRIPTION | |
| Number of Pages | 288 |
| 365 ## - TRADE PRICE | |
| Price amount | 350.00 |
| 942 ## - ADDED ENTRY ELEMENTS (KOHA) | |
| Koha item type | Books |
| Withdrawn status | Lost status | Home library | Current library | Shelving location | Date acquired | Cost, normal purchase price | Full call number | Accession Number | Cost, replacement price | Department | Koha item type |
|---|---|---|---|---|---|---|---|---|---|---|---|
| PSG-CAS LIBRARY | PSG-CAS LIBRARY | Compitive Exam Study Centre | 05/11/2025 | 350.00 | 001 R25 JAK | 152496 | 350.00 | Competitive Exams | Books |